Daňová optimalizácia - vybrané problémy

Daňové plánovanie je efektívny nástroj finančného riadenia. Daňová optimalizácia je novým fenoménom novodobej SR za uplynulých 20 rokov. Hlavné princípy minimalizácie daní na celom svete spočívajú v kombinácii všeobecných a špecifických spôsobov. Východiská daňovej optimalizácie. Metódy a postupy da...

Descripción completa

Guardado en:
Detalles Bibliográficos
Autor principal: Burák, Emil
Formato: Capítulo de libro
Lenguaje:eslovaco
Materias:
Etiquetas: Agregar Etiqueta
Sin Etiquetas, Sea el primero en etiquetar este registro!

MARC

LEADER 00000nla$a2200000$$$4500
001 0129143
005 20221207081545.9
041 0 |a slo 
044 |a SK 
245 1 0 |a Daňová optimalizácia - vybrané problémy  |c Emil Burák 
520 |a Daňové plánovanie je efektívny nástroj finančného riadenia. Daňová optimalizácia je novým fenoménom novodobej SR za uplynulých 20 rokov. Hlavné princípy minimalizácie daní na celom svete spočívajú v kombinácii všeobecných a špecifických spôsobov. Východiská daňovej optimalizácie. Metódy a postupy daňovej optimalizácie. Praktické skúsenosti z rokov 1990-2010 v Slovenskej republike. 
610 2 0 |a dane 
610 2 0 |a plánovanie 
610 2 0 |a optimalizácia daňová 
610 2 0 |a Slovensko 
100 1 |a Burák, Emil